Statistics for Pre-euro European Currencies

Click here to take the quiz!

General Stats

  • This quiz has been taken 62 times
  • The average score is 12 of 19

Answer Stats

countrycurrency% Correct
Maltalira
96%
Cypruspound
96%
Luxembourgfranc
94%
Francefranc
94%
Belgiumfranc
94%
Italylira
93%
Irelandpunt
91%
Germanymark
89%
Spainpeseta
69%
Austriaschilling
61%
Slovakiakoruna
57%
Greecedrachma
52%
Portugalescudo
52%
Netherlandsguilder
50%
Finlandmarkka
41%
Latvialats
30%
Estoniakroon
24%
Sloveniatolar
24%
Lithuanialitas
22%

Score Distribution

Percentile by Number Answered

Percent of People with Each Score

Your Score History

You have not taken this quiz